[Event "SVK-chT2C 1213"]
[Site "Slovakia"]
[Date "2013.02.16"]
[Round "8.7"]
[White "Vrchovsky, Viliam"]
[Black "Melichercik, Jozef"]
[Result "1-0"]
[WhiteElo "1917"]
[BlackElo "1741"]
[PlyCount "47"]
[EventDate "2012.10.13"]
[EventType "team-tourn"]
[EventRounds "11"]
[EventCountry "SVK"]
[SourceTitle "EXT 2015"]
[Source "ChessBase"]
[SourceDate "2014.11.20"]
[SourceVersion "1"]
[SourceVersionDate "2014.11.20"]
[SourceQuality "1"]
[WhiteTeam "Dunajov II"]
[BlackTeam "Detva Garde"]
[WhiteTeamCountry "SVK"]
[BlackTeamCountry "SVK"]

1. e4 e6 2. d4 d5 3. Nc3 Bb4 4. e5 c5 5. a3 cxd4 6. axb4 dxc3 7. Nf3 cxb2 8. Bxb2 Ne7 9. Bd3 Bd7 10. 0-0 Qb6 11. Qe2 Qxb4 12. Rfb1 Nbc6 13. Ba3 Qc3 14. Bd6 Nd4 15. Nxd4 Qxd4 16. Ra3 Qf4 17. g3 Qh6 18. Rxb7 Nc6 19. Bb5 Qc1+ 20. Kg2 Rc8 21. Raxa7 Nxa7 22. Bxd7+ Kd8 23. Ba4 Nc6 24. Qb5 1-0

[Event "SVK-chT2C 1213"]
[Site "Slovakia"]
[Date "2012.10.14"]
[Round "2.5"]
[White "Melichercik, Jozef"]
[Black "Uhrincat, Ivan"]
[Result "0-1"]
[WhiteElo "1741"]
[BlackElo "2043"]
[PlyCount "66"]
[EventDate "2012.10.13"]
[EventType "team-tourn"]
[EventRounds "11"]
[EventCountry "SVK"]
[SourceTitle "EXT 2015"]
[Source "ChessBase"]
[SourceDate "2014.11.20"]
[SourceVersion "1"]
[SourceVersionDate "2014.11.20"]
[SourceQuality "1"]
[WhiteTeam "Detva Garde"]
[BlackTeam "Banska Bystrica Kurta"]
[WhiteTeamCountry "SVK"]
[BlackTeamCountry "SVK"]

1. c4 Nf6 2. d4 g6 3. Nc3 d5 4. Nf3 Bg7 5. e3 0-0 6. b3 c5 7. Bb2 Qa5 8. Bd3 cxd4 9. exd4 Nc6 10. 0-0 Bg4 11. Be2 Rfd8 12. Ne5 Nxe5 13. dxe5 dxc4 14. Qc2 Qxe5 15. Bxc4 Qg5 16. Nb5 Bh3 17. f4 Qc5+ 18. Kh1 Be6 19. Ba3 Qh5 20. Bxe6 fxe6 21. Bxe7 Qxb5 22. Bxd8 Rxd8 23. Rae1 Kf7 24. Re2 Nd5 25. Rfe1 Re8 26. g4 Nc3 27. Re3 Qd5+ 28. Qg2 Qxg2+ 29. Kxg2 a6 30. f5 gxf5 31. gxf5 Nd5 32. fxe6+ Ke7 33. Rh3 Nf4+ 0-1

[Event "SVK-ch U16"]
[Site "Sliac"]
[Date "2011.04.07"]
[Round "9"]
[White "Melichercik, Jozef"]
[Black "Hrstka, Samuel"]
[Result "0-1"]
[WhiteElo "1709"]
[BlackElo "1730"]
[PlyCount "52"]
[EventDate "2011.03.31"]
[EventType "swiss"]
[EventRounds "9"]
[EventCountry "SVK"]
[SourceTitle "CBM 141 Extra"]
[Source "ChessBase"]
[SourceDate "2011.05.03"]
[SourceVersion "1"]
[SourceVersionDate "2011.05.03"]
[SourceQuality "1"]

1. c4 e5 2. Nc3 Nf6 3. Nf3 Nc6 4. d4 exd4 5. Nxd4 Nxd4 6. Qxd4 h6 7. Bf4 Be7 8. e3 Nh5 9. Qe5 Nxf4 10. Qxf4 d6 11. Be2 Bf6 12. Qe4+ Be6 13. Bg4 Bxc3+ 14. bxc3 Qc8 15. Rb1 Rb8 16. Bxe6 Qxe6 17. Qd4 Qg6 18. 0-0 b6 19. e4 0-0 20. e5 Rbd8 21. exd6 Rxd6 22. Qe5 Rfd8 23. c5 bxc5 24. Qxc5 Qxb1 25. Qxd6 Qxf1+ 26. Kxf1 Rxd6 0-1

[Event "SVK-ch U16"]
[Site "Sliac"]
[Date "2011.04.04"]
[Round "6"]
[White "Gavlas, Jakub"]
[Black "Melichercik, Jozef"]
[Result "0-1"]
[WhiteElo "1471"]
[BlackElo "1709"]
[PlyCount "48"]
[EventDate "2011.03.31"]
[EventType "swiss"]
[EventRounds "9"]
[EventCountry "SVK"]
[SourceTitle "CBM 141 Extra"]
[Source "ChessBase"]
[SourceDate "2011.05.03"]
[SourceVersion "1"]
[SourceVersionDate "2011.05.03"]
[SourceQuality "1"]

1. e4 e5 2. Nf3 d6 3. d4 exd4 4. Nxd4 Nf6 5. Nc3 Be7 6. f4 Bg4 7. Be2 Bxe2 8. Qxe2 g6 9. g4 c5 10. Nb3 Nc6 11. e5 dxe5 12. fxe5 Nd5 13. Be3 Nxe3 14. Qxe3 Bh4+ 15. Kf1 b6 16. Rd1 Qc8 17. Qh3 Be7 18. Nd5 Qb7 19. Qf3 0-0 20. Nxe7+ Qxe7 21. Qf6 Qb7 22. Ke2 Rae8 23. Rhe1 Nxe5 24. Kd2 Nf3+ 0-1

[Event "SVK-ch U16"]
[Site "Sliac"]
[Date "2011.03.31"]
[Round "1"]
[White "Melichercik, Jozef"]
[Black "Tropp, Oliver"]
[Result "0-1"]
[WhiteElo "1709"]
[BlackElo "1995"]
[PlyCount "64"]
[EventDate "2011.03.31"]
[EventType "swiss"]
[EventRounds "9"]
[EventCountry "SVK"]
[SourceTitle "CBM 141 Extra"]
[Source "ChessBase"]
[SourceDate "2011.05.03"]
[SourceVersion "1"]
[SourceVersionDate "2011.05.03"]
[SourceQuality "1"]

1. c4 e6 2. Nc3 d5 3. e3 Nf6 4. Nf3 Be7 5. d4 0-0 6. Bd3 c5 7. b3 Nc6 8. 0-0 b6 9. Bb2 Bb7 10. Rc1 Rc8 11. cxd5 Nxd5 12. Bb1 Ncb4 13. Ne2 Nf6 14. Ng3 Ba6 15. Re1 c4 16. bxc4 Bxc4 17. a3 Nbd5 18. Qd2 b5 19. e4 Nb6 20. Qf4 Na4 21. Qd2 Nxb2 22. Qxb2 Qa5 23. Re3 Nd7 24. Nd2 Bg5 25. Rec3 Nb6 26. Qc2 Na4 27. e5 g6 28. Nxc4 bxc4 29. Rxc4 Rxc4 30. Qxc4 Bxc1 31. Qxc1 Qc3 32. Qd1 Nb2 0-1

[Event "SVK-ch U12"]
[Site "Liptovsky Mikulas"]
[Date "2007.04.23"]
[Round "2"]
[White "Fedorko, Tomas"]
[Black "Melichercik, Jozef"]
[Result "0-1"]
[WhiteElo "1350"]
[BlackElo "1392"]
[PlyCount "74"]
[EventDate "2007.04.22"]
[EventType "swiss"]
[EventRounds "9"]
[EventCountry "SVK"]
[SourceTitle "EXT 2008"]
[Source "ChessBase"]
[SourceDate "2007.11.25"]
[SourceVersion "1"]
[SourceVersionDate "2007.11.25"]
[SourceQuality "1"]

1. e4 e5 2. Nf3 d6 3. d4 exd4 4. Nxd4 Nf6 5. Nc3 Be7 6. Bd3 Bd7 7. 0-0 0-0 8. b4 Nc6 9. Nxc6 Bxc6 10. b5 Bd7 11. Bf4 c6 12. bxc6 bxc6 13. e5 dxe5 14. Bxe5 Bg4 15. Qe1 Qa5 16. Bxf6 Bxf6 17. Qe4 g6 18. Qxg4 Bxc3 19. Rab1 Qxa2 20. Be4 Rab8 21. Rxb8 Rxb8 22. h3 Rb4 23. Qf3 Be5 24. Qd3 Rb1 25. g3 Rxf1+ 26. Qxf1 f5 27. Bxc6 Qxc2 28. f4 Bd4+ 29. Kh1 Qxc6+ 30. Qg2 Qxg2+ 31. Kxg2 a6 32. Kf3 a5 33. g4 a4 34. gxf5 a3 35. Ke4 gxf5+ 36. Kxd4 a2 37. Ke5 a1Q+ 0-1